| 000 | 00896nam a2200229Ii 4500 | ||
|---|---|---|---|
| 003 | JO-AjNU | ||
| 008 | 230605s9999||||xx |||||||||||||| ||und|| | ||
| 017 | _a2007/27113 | ||
| 020 | _a977-408-800-X | ||
| 040 |
_aJO-AjNU _bara _erda _cJO-AjNU |
||
| 041 | _aara | ||
| 050 | 1 | 4 | _aHF 5415 .7.H3312.2008 |
| 100 | 3 |
_aجاتورنا،جون؛ترجمة:خالد العامري, _eauthor _933980 |
|
| 245 | 0 | 0 | _aادارة الامداد والتوزيع=Handbook of Logistics & Distribution Management |
| 250 | _aط1 العربية،ط4 الاجنبية | ||
| 264 | 3 | 1 | _aالقاهرة:دار الفاروق للنشر والتوزيع،؛2008 |
| 300 |
_a592ص _bيحتوي على ببلوغرافية من ص579-592ص |
||
| 336 |
_atext _btxt _2rdacontent |
||
| 337 |
_aunmediated _bn _2rdamedia |
||
| 338 |
_avolume _bnc _2rdacarrier |
||
| 650 | 4 |
_aالشركات -اعادة تنظيم _933981 |
|
| 999 |
_aA13885 _c17453 _d17453 |
||